01069 2200217 4500001002100000005001500021035002000036007000300056008004100059020001800100082001000118084001600128100001300144245005300157250001100210260003100221300004000252500051000292600002400802990002500826INLIS00000000000087720220928112559 a0010-0922000114ta220928 j 1 ind  a979-22-0310-9 a839.7 a839.7 LIN k1 aLindgren1 aKENAKALAN-KENAKALAN BARU EMIL /cAstrid Lindgren aCet. 1 aJakarta :bGramedia,c2003 a136 hlm :bTerdapat Gambar ;c20 cm aPernakah kau mendengar kisah Emil? Belum? Ah, masa! Di Lonneberga, tak seorang pun tak kenal dia. Emil si badung dari Katthult, tak henti-hentinya berbuat kenakalan. Bayangkan saja, dia mengguyur ayahnya dengan adonan dadih darah dan menyulut tumpukan kembang api sehingga membuat seluruh penduduk Vimmerby panik dan kalang kabut karena menyangka ada Komet jatuh. Yang lebih asyik lagi adalah ketika dia mendatangkan semua penghuni panti penampungan tuna wisma dan membuat `Pesta Sikat Bersih` di Katthult 4aKesusastraan Swedia a01648/PSMUH/Hib/2022